Online
Catalog

La gestión ambiental : (Record no. 23590)

MARC details
000 -CABECERA
campo de control de longitud fija 00761cam a2200217 a 4500
001 - NÚMERO DE CONTROL
campo de control 000024095
005 - FECHA Y HORA DE LA ÚLTIMA TRANSACCIÓN
campo de control 20240510192657.0
008 - DATOS DE LONGITUD FIJA--INFORMACIÓN GENERAL
campo de control de longitud fija 990427s1998 uy a b 000 0 spa d
020 ## - NÚMERO INTERNACIONAL ESTÁNDAR DEL LIBRO
Número Internacional Estándar del Libro 9806397517
040 ## - FUENTE DE LA CATALOGACIÓN
Centro catalogador/agencia de origen DO-SdBNP
Centro/agencia transcriptor DLC
Lengua de catalogación spa
Centro/agencia modificador BNPHU
043 ## - CÓDIGO DE ÁREA GEOGRÁFICA
Código de área geográfica s-ve---
082 ## - NÚMERO DE LA CLASIFICACIÓN DECIMAL DEWEY
Número de clasificación 333.7
Número de documento/Ítem B967g
049 ## - FONDOS LOCALES (OCLC)
Fondos de biblioteca BNGR
100 1# - ENTRADA PRINCIPAL--NOMBRE DE PERSONA
Nombre de persona Buroz Castillo, Eduardo,
9 (RLIN) 49498
245 13 - MENCIÓN DE TÍTULO
Título La gestión ambiental :
Resto del título marco de referencia para las evaluaciones de impacto ambiental /
Mención de responsabilidad, etc. Eduardo Buroz Castillo ; presentación de Leonor Giménez de Mendoza.
260 ## - PUBLICACIÓN, DISTRIBUCIÓN, ETC.
Lugar de publicación, distribución, etc. [Caracas, Venezuela] :
Nombre del editor, distribuidor, etc. Fundacion Polar,
Fecha de publicación, distribución, etc. 1998.
300 ## - DESCRIPCIÓN FÍSICA
Extensión 376 p. :
Otras características físicas il. ;
Dimensiones 23 cm.
650 #0 - PUNTO DE ACCESO ADICIONAL DE MATERIA--TÉRMINO DE MATERIA
Término de materia o nombre geográfico como elemento de entrada Medio ambiente
9 (RLIN) 9250
650 #4 - PUNTO DE ACCESO ADICIONAL DE MATERIA--TÉRMINO DE MATERIA
Término de materia o nombre geográfico como elemento de entrada Impacto ambiental
9 (RLIN) 22172
700 1# - PUNTO DE ACCESO ADICIONAL--NOMBRE DE PERSONA
Nombre de persona Giménez de Mendoza, Leonor,
9 (RLIN) 49499
Holdings
Estado de retiro Estado de pérdida Restricciones de uso No para préstamo Código de colección Localización permanente Ubicación/localización actual Ubicación en estantería Fecha de adquisición Número de inventario Total de préstamos Signatura topográfica completa Código de barras Fecha visto por última vez Precio válido a partir de Tipo de ítem Koha
    Préstamo interno   Monografías: Libros y Folletos General General En catalogación 18.01.2011 LF1   333.7 B967g 24095-10 25.06.2020 25.06.2020 Préstamo interno

Powered by Koha